000 00306nmm a2200133 a 4500
003 AR-BaBNM
005 20251128203106.0
008 063119s[s.f ||||||||||||||000 | spa||
040 _cAR-BaBNM
245 1 0 _aPsicologĂ­a del movimiento
260 _a[S.l.]
_b[s.n.]
_c[s.f.]
942 _cBK
998 _cBertuna
999 _c1849
_d1849